000 01503cam a22004094i 4500
003 PE-LiUPU
005 20250731184108.0
008 150616s r 000 0 d
035 _a(Sirsi) a3450
040 _aPE-LiUPU
_bspa
_cPE-LiUPU
_erda
049 _aPRUA
082 0 4 _a869.56
_bG182c
_223
100 1 _aGálvez, José,
_eautor.
_d1885-1957.
245 1 0 _aCalles de Lima y meses del año /
_cJosé Gálvez ; ilustraciones de Málaga Grenet ; [edición al cuidado de Herlinda Ibáñez de Aguirre].
264 1 _aLima :
_bRapidol,
_c1943.
300 _a163 páginas :
_bilustraciones ;
_c21 centímetros.
336 _atext
_2rdacontent
337 _aunmediated
_2rdamedia
338 _avolume
_2rdacarrier
505 0 _aCalles de Lima y meses del año.
526 _aP145
526 _aP127
526 _aP97
526 _aP14
526 _aP07
650 1 8 _aCalles
_zPerú
_zLima
_vGuías.
_92157
651 8 _aLima, Lima (Perú : Distrito Capital)
_vGuías.
_92158
651 0 _aLima, Lima (Perú : Distrito Capital)
_xHistoria.
_92159
700 _aMálaga Grenet,
_d1886-1963.
_92160
700 _aIbáñez de Aguirre, Herlinda.
_92161
710 _aAsociación Entre Nous (Lima)
_92162
910 _ajck
942 _2ddc
_cBK
_n0
949 _a985.2 G182c
_wDEWEY
_c1
_i36018
_lCCODEBUL1
_mBUL
_p00.00
_r0
_sY
_tBOOK
_u19940810
_xEDUCACION
_0COMPRA
_o.STAFF. Colección General
980 _81
_gALBERTO SANCHEZ Responsable de Automatización
999 _c42363
_d42363